Sexuality and homo sexuality

Đã lưu trong:
Chi tiết về thư mục
Tác giả chính: Karlen, Arlo
Định dạng: Sách
Ngôn ngữ:Tiếng Anh
Các nhãn: Thêm thẻ
Không có thẻ, Là người đầu tiên thẻ bản ghi này!

MARC

LEADER 00000nam a2200000 4500
005 20240731183417.0
008 240731b |||||||| |||| 00| 0 eng d
040 |c GP 
100 |a Karlen, Arlo 
245 |a Sexuality and homo sexuality 
942 |2 ddc  |c BK  |n 0 
952 |0 0  |1 0  |2 ddc  |4 0  |6 306_766810000000000_KAR  |7 1  |9 1737  |a RM  |b RM  |d 2024-07-31  |l 0  |o 306.766810 KAR  |p 521  |r 2024-07-31 18:34:38  |w 2024-07-31  |y BK 
999 |c 1553  |d 1553